00450 a2200145 4500003000400000005001700004008004100021020001800062040000900080082002000089100002700109245012500136260003300261300001000294OSt20230919122249.0230919b |||||||| |||| 00| 0 eng d a9781032189611 coclc a720.9546bHAM/S aHamdani, Hakim Sameer, aThe syncretic traditions of Islamic religious architecture of Kashmir b(early 14th-18th century) / Hakim Sameer Hamdani aNew York:bRoutledge,c2023. a216 p